Lịch sử thế giới cổ đại

সংরক্ষণ করুন:
গ্রন্থ-পঞ্জীর বিবরন
প্রধান লেখক: Lương Ninh
বিন্যাস: গ্রন্থ
প্রকাশিত: H. Giáo dục 2001
ট্যাগগুলো: ট্যাগ যুক্ত করুন
কোনো ট্যাগ নেই, প্রথমজন হিসাবে ট্যাগ করুন!
Thư viện lưu trữ: Trung tâm Học liệu Lê Vũ Hùng, Trường Đại học Đồng Tháp
LEADER 00606pam a22001698a 4500
001 00038235
005 20171026081023.0
008 170515s2001 ||||||Viesd
041 0 # |a Vie 
082 1 4 |a 909  |b L302S 
100 1 # |a Lương Ninh 
245 1 0 |a Lịch sử thế giới cổ đại  |c Lương Ninh (chủ biên), Đinh Ngọc Bảo, Đặng Quang Minh, [ những người khác] 
260 # # |a H.  |b Giáo dục  |c 2001 
300 # # |a 238tr. 
852 # # |b Kho đọc  |j KD.1001922 
910 |d 15/05/2017 
980 # # |a Trung tâm Học liệu Lê Vũ Hùng, Trường Đại học Đồng Tháp